01267nam1a22002771i 4500001001100000005001700011035002600028100004100054101001300095102000700108105001800115200018600133205010600319210013200425215001600557300014300573513004300716701002600759701002000785701002200805701002500827702007500852801001800927801002200945852002200967rc\285240820240726085211.0 a(NLR Aleph) 007007194 a20110705d1931 |||y0rusy50 ca1 aruscfre aRU ay z |||||1 aРуководство по патологии и терапии внутренних болезнейfФ. Безансон, М. Лаббэ, Л. Бернар, Ж.- А. Сикар aПер. со 2-го фр. изд. Под общ. ред. проф. М. П. Кончаловского aМоскваaЛенинградcОгиз - гос. мед. изд.d1931e[Москва]gтип. "Красный воин" d21×15 см aНа обороте доб. тит. л.: F. Besançon, Marcel Labbé, Léon Bernard, J.-A. Sicard. "Précis de pathologie médicale".00aPrécis de pathologie médicalezfre 1aБезансонbФ. 1aЛаббэbМ. 1aБернарbЛ. 1aСикарbЖ. -А. 1aКончаловскийbМ.П.gМаксим Петрович4340 0aRUbNLRgpsbo 1aRUbELAR2rusmarc aNLRj31-17/426(2)